HRMIS : Transformasi Pengurusan Sumber Manusia Sektor Awam Malaysia Abad Ke-21 (Record no. 27212)

000 -LEADER
fixed length control field 00895nam a22002417a 4500
001 - CONTROL NUMBER
control field 0000004042
003 - CONTROL NUMBER IDENTIFIER
control field PPM
005 - DATE AND TIME OF LATEST TRANSACTION
control field 20260421153544.0
008 - FIXED-LENGTH DATA ELEMENTS--GENERAL INFORMATION
fixed length control field 260421b ||||| |||| 00| 0 eng d
020 ## - INTERNATIONAL STANDARD BOOK NUMBER
International Standard Book Number 9789839187267
Terms of availability RM 35.08
Qualifying information Hardback
035 ## - SYSTEM CONTROL NUMBER
System control number 0000004042
040 ## - CATALOGING SOURCE
Language of cataloging Malay
Transcribing agency Pusat Penyelidikan Mineral, Jabatan Mineral Dan Geosains Malaysia
Modifying agency PPM
Description conventions RDA
082 00 - DEWEY DECIMAL CLASSIFICATION NUMBER
Edition number 22
Classification number 352.3802
Item number HRM 2009
245 10 - TITLE STATEMENT
Title HRMIS : Transformasi Pengurusan Sumber Manusia Sektor Awam Malaysia Abad Ke-21
250 ## - EDITION STATEMENT
Edition statement 1st.ed.
260 #1 - PUBLICATION, DISTRIBUTION, ETC.
Place of publication, distribution, etc. Selangor :
Name of publisher, distributor, etc. Jabatan Perkhidmatan Awam Malaysia ,
Date of publication, distribution, etc. 2009
300 00 - PHYSICAL DESCRIPTION
Extent vii, 146 pages .:
Other physical details some colour, photo, illustrations .;
Dimensions 25 cm
650 10 - SUBJECT ADDED ENTRY--TOPICAL TERM
Topical term or geographic name entry element Public administration
Geographic subdivision Malaysia
650 20 - SUBJECT ADDED ENTRY--TOPICAL TERM
Topical term or geographic name entry element Internet in public administration
Geographic subdivision Malaysia
650 20 - SUBJECT ADDED ENTRY--TOPICAL TERM
Topical term or geographic name entry element Electronic government
Geographic subdivision Malaysia
710 2# - ADDED ENTRY--CORPORATE NAME
Corporate name or jurisdiction name as entry element Jabatan Perkhidmatan Awam Malaysia
942 ## - ADDED ENTRY ELEMENTS (KOHA)
Source of classification or shelving scheme
Koha item type Books
Holdings
Withdrawn status Lost status Source of classification or shelving scheme Damaged status Not for loan Collection code Permanent Location Current Location Shelving location Date acquired Total Checkouts Full call number Date last seen Price effective from Koha item type
Available         Open Shelf PPM PPM Open Shelf 21/04/2026   352.3802 HRM 2009 21/04/2026 21/04/2026 Books